00690cam a2200205u 450000100100000000500170001000800410002701000130006804000240008105000160010510000370012124500580015826000320021630000210024865000220026965000310029191000340032295201110035699900170046700001190320200929162618.0840426s1971 sp 000 0 spa  a73337391 aDO-SdBNPcCarPdDLC00aP301b.G7181 aGreimas, Algirdas Julien.92815110aSemantica estructural. :bInvestigacion metodologica. aMadrid, :bGredos,c[1971]. a388 p. ;c20 cm. 0aSemiotics.928152 0aDiscourse analysis.928153 aCatalogación por copia / LC 001052728MOaGRbGRcBDd2009-10-29iLF1l0o p11903-10r2020-06-25w2020-06-25y2ZPréstamo interno c11573d11573